Pipeline integrity: management and risk evaluation. (2nd edition) (Record no. 81923)

MARC details
000 -LEADER
fixed length control field 01262nam a2200253 a 4500
008 - FIXED-LENGTH DATA ELEMENTS--GENERAL INFORMATION
fixed length control field 190606s2017 ||||||||||||||||| || u
020 ## - INTERNATIONAL STANDARD BOOK NUMBER
International Standard Book Number 9780128130452
050 ## - LIBRARY OF CONGRESS CALL NUMBER
Classification number TJ 930 Sin
100 ## - MAIN ENTRY--PERSONAL NAME
Personal name Singh, Ramesh
245 10 - TITLE STATEMENT
Title Pipeline integrity: management and risk evaluation. (2nd edition)
Statement of responsibility, etc. By Ramesh Singh
246 ## -
-- Pipeline integrity handbook
250 ## - EDITION STATEMENT
Edition statement Second Edition
260 ## - PUBLICATION, DISTRIBUTION, ETC.
Place of publication, distribution, etc. Cambridge
Name of publisher, distributor, etc. Gulf Professional Publishing/Elsevier
Date of publication, distribution, etc. 2017
300 ## - PHYSICAL DESCRIPTION
Extent xiv, 309 pages : illustration
338 ## -
-- volume
-- rdacarrier
350 ## -
-- 105.60
500 ## - GENERAL NOTE
General note Rev. ed. of: Pipeline integrity handbook : risk management and evaluation / by Ramesh Singh. 2013. Includes bibliographical references (page 301) and index.
650 #0 - SUBJECT ADDED ENTRY--TOPICAL TERM
Topical term or geographic name entry element PETROLEUM PIPELINE INDUSTRY--PREVENTION
650 #0 - SUBJECT ADDED ENTRY--TOPICAL TERM
Topical term or geographic name entry element PETROLEUM PIPELINES--DESIGN AND CONSTRUCTION--HANDBOOKS, MANUALS ETC
995 ## -
-- MAIN LIBRARY OPEN ACCESS
-- 749161
-- CBU-MAIN LIBRARY (Kitwe)
-- 105.60
-- TJ 930 Sin
-- 2
-- AVAILABLE
-- Jun 6, 2019
-- 749161
-- Main Library Open Access Collection
995 ## -
-- MAIN LIBRARY OPEN ACCESS
-- 749160
-- CBU-MAIN LIBRARY (Kitwe)
-- 105.60
-- TJ 930 Sin
-- 1
-- AVAILABLE
-- Jun 6, 2019
-- 749160
-- Main Library Open Access Collection
999 ## -
-- 81923
-- 81923
Holdings
Withdrawn status Lost status Source of classification or shelving scheme Damaged status Not for loan Permanent Location Current Location Shelving location Date acquired Total Checkouts Full call number Barcode Date last seen Copy number Price effective from Koha item type
          CBU-MAIN LIBRARY, KITWE. CBU-MAIN LIBRARY, KITWE.   09/12/2023   TJ 930 Sin 749161 09/12/2023 1 09/12/2023 MONOGRAPH
          CBU-MAIN LIBRARY, KITWE. CBU-MAIN LIBRARY, KITWE.   09/12/2023   TJ 930 Sin 749160 09/12/2023 2 09/12/2023 MONOGRAPH